000 00706nam a22002537a 4500
003 CHAP
005 20220329135358.0
008 971013s1976 us r 00010 eng d
010 _a35369
011 _a36341
035 _a40460
040 _cCHAP
090 _aFolleto 6179
110 2 _aPacific Tropical Botanical Garden. Lawai, Hawaii
_984614
245 1 _aBreadfruit
_b: uses and receipes
260 _aLawai :
_bThe Association,
_c1976
300 _a16 p.
590 _aBATCH-UPD
_b10
_c20130110
_lUCH01
_h2030
590 _aCONVERSION
_b10
_c20130109
_lUCH01
_h1320
650 1 4 _aArtocarpus.
_97774
901 _aBK
942 _cFOLL
949 _aFolleto 6179
_bBC
_cFOLL
_d-92471
_eTS1
_i40460
_mD
_si
999 _c35369
_d35369